Guess The Artist By Letter (O) - Statistics

General Stats
  • This quiz has been taken 95 times
    90 since last reset
  • The average score is 5 of 16
Answer Stats
Hint Answer % Correct
Wonderwall Oasis
92%
Hey Ya OutKast
81%
Sitting On The Dock Of The Bay Otis Redding
69%
Crazy Train Ozzy Osbourne
69%
Fireflies Owl City
51%
Love Train The O'Jays
31%
Dragostea DIn Tei O-zone
25%
Little Talks Of Monsters and Men
22%
Your Love The Outfield
19%
Secrets One Republic
16%
Still The One Orleans
14%
Life is Life Opus
12%
Dead Man's Party Oingo Boingo
10%
Let The Bad Times Roll The Offspring
10%
Love and Memories O.A.R.
5%
If You Wanna Get To Heaven The Ozark Mountain Daredevils
5%
No matching quizzes found
Score Distribution
Percent of People with Each Score
Percentile by Number Answered
Your Score History
You have not taken this quiz since the last reset